| 000 | 00709cas a2200253 a 4500 | ||
|---|---|---|---|
| 001 | 11829050 | ||
| 005 | 20180116072659.0 | ||
| 008 | 991029u19uuuuuunyu x 0 0eng | ||
| 010 | _a 99124917 | ||
| 035 | _a(OCoLC)ocm42731506 | ||
| 040 |
_aDLC _beng _cDLC _dOCoLC |
||
| 041 | _aeng | ||
| 042 | _apcc | ||
| 080 | _a94 FPG | ||
| 082 | _a94 FPG | ||
| 100 | _a16 | ||
| 101 | _aHIS | ||
| 245 | 0 | 0 |
_aHistorical selects : _cFPG. |
| 310 | _aIrregular | ||
| 906 |
_a7 _bcbc _cserials _d3 _encip _f19 _gn-oclcserc |
||
| 942 |
_2ddc _cBK |
||
| 999 |
_c40371 _d40371 |
||